MARC

LEADER 00000nam0a2200000 4500
001 171612
005 20231031164032.0
035 |a (RuTPU)RU\TPU\book\186071 
090 |a 171612 
100 |a 20091207d1971 k y0rusy50 ca 
101 0 |a rus 
102 |a RU 
105 |a a z 001zy 
200 1 |a Основы голографии и когерентной оптики  |f Л. М. Сороко 
210 |a Москва  |c Наука  |d 1971 
215 |a 616 с.  |c ил. 
320 |a Библиогр.: с. 602-616. 
610 1 |a голография 
610 1 |a когерентная оптика 
610 1 |a оптический сигнал 
610 1 |a преобразование 
610 1 |a случайный сигнал 
610 1 |a когерентность света 
610 1 |a обработка информации 
675 |a 535.8  |v 3 
700 1 |a Сороко  |b Л. М.  |g Лев Маркович 
801 1 |a RU  |b 63413507  |c 20091207 
801 2 |a RU  |b 63413507  |c 20100125  |g RCR 
942 |c BK